Možnosti uplatnenia mikropočítačovej techniky pre riadenie energetického hospodárstva v priemyselnom podniku Zborník prednášok. Žilina, jún 1986
Gespeichert in:
| Format: | Buch |
|---|---|
| Sprache: | Slowakisch |
| Veröffentlicht: |
Žilina
Dom techn. ČSVTS
1986
|
| Ausgabe: | 1. vyd. |
| Tags: |
Keine Tags, Fügen Sie das erste Tag hinzu!
|
MARC
| LEADER | 00000nam a2200000 4500 | ||
|---|---|---|---|
| 001 | c036626 | ||
| 005 | 20221219100633.9 | ||
| 041 | 0 | |a slo | |
| 044 | |a SK | ||
| 245 | 1 | 0 | |a Možnosti uplatnenia mikropočítačovej techniky pre riadenie energetického hospodárstva v priemyselnom podniku |b Zborník prednášok. Žilina, jún 1986 |
| 250 | |a 1. vyd. | ||
| 264 | 1 | |a Žilina |b Dom techn. ČSVTS |c 1986 | |
| 300 | |a 35 s. | ||